Logic testing and design for testebility /

Guardado en:
Detalles Bibliográficos
Autor principal: Fujiwara, Hiroyuki (Autor)
Formato: Libro
Lenguaje:inglés
Publicado: Cambridge : MIT Press, 1985
Etiquetas: Agregar Etiqueta
Sin Etiquetas, Sea el primero en etiquetar este registro!

MARC

LEADER 00000nam a22000003a 4500
001 stu2846
005 20150617225625.4
008 930120s1985----uk------------------eng-d
040 |a STU  |b slo 
041 0 |a eng 
044 |a uk 
080 |a 681.326.34 
080 |a 519.686  |7 stu_us_auth*stu8280 
100 1 |a Fujiwara, Hiroyuki  |4 aut 
245 1 |a Logic testing and design for testebility /  |c [aut.] Fujiwara,H 
260 |a Cambridge :  |b MIT Press,  |c 1985 
300 |a 284 s 
996 |b I3893  |c I*3893  |l II680  |s A  |a 24  |w stu2846_0001